Statistics for Croatian NBA players

Click here to take the quiz!

General Stats

  • This quiz has been taken 234 times
    (171 since last reset)
  • The average score is 7 of 22

Answer Stats

Draft yearDrafted byAnswerPlayed for% Correct
1986Portland Trail BlazersDražen PetrovićTrail Blazers, Nets
89%
1990Chicago BullsToni KukočBulls, 76ers, Hawks, Bucks
89%
2011Miami HeatBojan BogdanovićNets
72%
1989Boston CelticsDino RađaCeltics
63%
2014Orlando MagicDario Šarić-
61%
2015Orlando MagicMario HezonjaMagic
58%
2005Toronto RaptorsRoko-Leni UkićRaptors, Bucks
44%
1999Dallas MavericksGordan GiričekGrizzlies, Magic, Jazz, 76ers, Suns
34%
1991Houston RocketsŽan TabakRockets, Raptors, Celtics, Pacers
30%
undrafted-Stojko VrankovićCeltics, Timberwolves, Clippers
28%
2003New Jersey NetsZoran PlaninićNets
27%
undrafted-Damjan RudežPacers, Timberwolves
25%
2002Los Angeles ClippersMario KasunMagic
16%
undrafted-Duje DukanKings
15%
2008Utah JazzAnte Tomić-
14%
2006San Antonio SpursDamir MarkotaBucks
12%
1998Dallas MavericksBruno ŠundovMavericks, Pacers, Celtics, Cavaliers, Knicks
11%
2000Chicago BullsDalibor BagarićBulls
6%
2000Seattle SuperSonicsJosip Sesar-
4%
2012Toronto RaptorsTomislav Zubčić-
4%
2009Utah JazzGoran Suton-
1%
2007Miami HeatStanko Barać-
1%

Score Distribution

Percentile by Number Answered

Percent of People with Each Score

Your Score History

You have not taken this quiz since the last reset